नैका बनजारा (Record no. 1022086)

MARC details
000 -LEADER
fixed length control field 01184nam a2200277Ia 4500
003 - CONTROL NUMBER IDENTIFIER
control field OSt
005 - DATE AND TIME OF LATEST TRANSACTION
control field 20221005111525.0
008 - FIXED-LENGTH DATA ELEMENTS--GENERAL INFORMATION
fixed length control field 221004b |||||||| |||| 00| 0 hin d
020 ## - INTERNATIONAL STANDARD BOOK NUMBER
International Standard Book Number 8172012454 (hbk)
037 ## - SOURCE OF ACQUISITION
Terms of availability Textual
040 ## - CATALOGING SOURCE
Original cataloging agency CRL
Transcribing agency CRL
Language of cataloging hin
041 ## - LANGUAGE CODE
Source of code hin
Language code of text/sound track or separate title hin
100 ## - MAIN ENTRY--PERSONAL NAME
Personal name वर्मा, ब्रज किशोर, मणिपद्म
9 (RLIN) 624196
245 #0 - TITLE STATEMENT
Title नैका बनजारा
246 ## - VARYING FORM OF TITLE
Title proper/short title Naikā banajārā
260 ## - PUBLICATION, DISTRIBUTION, ETC.
Place of publication, distribution, etc. नई दिल्ली
Name of publisher, distributor, etc. साहित्य अकादेमी भारत
Date of publication, distribution, etc. 1992
300 ## - PHYSICAL DESCRIPTION
Extent 160प0
Dimensions cm.
490 ## - SERIES STATEMENT
Series statement साहित्य अकादेमी द्वारा पुरस्कृत मैथिली उपन्यास
700 ## - ADDED ENTRY--PERSONAL NAME
Personal name गुंजन, गंगेश, अनु.
942 ## - ADDED ENTRY ELEMENTS (KOHA)
Classification part O1517,3NMA6,1, 152N2
Koha item type Textual
Source of classification or shelving scheme
Holdings
Withdrawn status Lost status Damaged status Not for loan Home library Current library Date acquired Source of acquisition Cost, normal purchase price Total Checkouts Full call number Barcode Date last seen Cost, replacement price Price effective from Koha item type
        Central Library Central Library 2022-10-05 522, 19/03/2009, Vani Prakashan 500.00   O1517,3NMA6,1 152N2 CL1398935 2022-10-05 500.00 2022-10-05 Textual
Copyright @ Delhi University Library System